00534nam a2200193Ia 4500003000900000005001700009008004100026040001300067040001300080041000800093245014400101250001000245260002500255260000900280300001100289300001000300490000600310710002400316IT-RoPAU20220918175748.0120407s9999 xx 000 0 und d aIT-RoPAU cIT-RoPAU aita aI laici nella e con la Famiglia Paolina. 6° e 7° incontro dei Governi Generali della Famiglia Paolina Ariccia, 2-6/07/1988 e 5-11/02/1989 aRoma  aCasa Generalizia SSP c1988 a210 p. c29 cm v1 aSocietà San Paolo